| 000 | 00743nam a2200181 a 4500 | ||
|---|---|---|---|
| 005 | 20140412111236.0 | ||
| 008 | 020311s19uu xx 00 eng d | ||
| 020 | _a0-8167-4121-2 | ||
| 050 |
_aER _bGr75go 1996 |
||
| 100 | _akorman, Justine | ||
| 245 |
_aThe Grumpy bunny goes to school / _cby Justine Korman; illustrated by Lucinda McQueen. |
||
| 260 |
_aU. S. A : _bWhistleStop, _c1996. |
||
| 300 | _a1 v. (unp.) ; ill. | ||
| 520 | _aHo-hum, humdrum . . . Hopper the grumpy bunny thinks school is a bore. But when Hopper gets a chance to teach kinderbunny class by himself, he comes up with some great ideas that make school a whole lot more fun everyone! | ||
| 650 |
_aSchool _xFiction |
||
| 650 | _aChildren stories | ||
| 999 |
_c102431 _d102431 |
||